000 00848cab a2200277 4500
001 WB3427-17
008 090401t1998 xxu||||| |||| 00| 0 eng d
035 _a(Sirsi) u87475
041 _aeng
245 _aInvesting in reform
260 _c1998
350 _a0
490 _aDETR News Release
_v14 July 1998, (4)
520 _aBriefly outlines the DETR Comprehensive Spending Review on public transport, housing, regeneration, environment, countryside and wildlife and planning. Details spending plans.
650 _aCOMPREHENSIVE SPENDING REVIEW
650 _aCOUNTRYSIDE
650 _aEnvironment
_96238
650 _aHOUSING
650 _aPLANNING
650 _aPUBLIC TRANSPORT
650 _aREGENERATION
650 _aWILDLIFE
690 _aPROPERTY-PROPERTY FINANCE AND INVESTMENT
942 _n0
948 _c17/07/1998
999 _c55173
_d55173